00414 2200157 4500001002100000005001500021035002000036245005300056100002500109300002600134260004000160082000800200084001400208020002200222990001200244INLIS00000000000183820250508012218 a0010-05250001301 aMembuat Robot Green Bird /cChristianto Tjahyadi0 aChristianto Tjahyadi a124 hlm ;c15 x 23 cm aJakarta :bCerdas Interaktif,c2013 a600 a600 CHR m a978-979-788-361-4 a0754766